[Event "Halle DSV"]
[Site "Halle"]
[Date "1987.??.??"]
[Round "?"]
[White "Knaak, Rainer"]
[Black "Boensch, Uwe"]
[Result "0-1"]
[WhiteElo "2530"]
[BlackElo "2530"]
[EventDate "1987.10.??"]

1. d4 d5 2. c4 e6 3. Nc3 Be7 4. cxd5 exd5 5. Bf4 c6 6. e3 Bf5 7. Nge2 Nd7 
8. h3 h5 9. Ng3 Bg6 10. Bd3 Bxd3 11. Qxd3 g6 12. O-O Ngf6 13. f3 h4 14. 
Nge2 Kf8 15. e4 Kg7 16. Bh2 Qb6 17. Kh1 Rad8 18. Qe3 Rhe8 19. Qf2 Kg8 20. 
e5 Nh5 21. f4 f5 22. exf6 Bxf6 23. f5 g5 24. Qf3 Ng7 25. b3 Qb4 26. Rad1 
Qe7 27. Rd3 b5 28. Bg1 b4 29. Re3 Qf7 30. Nd1 Qh5 31. Qf2 g4 32. Rxe8+ 
Rxe8 33. Ne3 g3 34. Qe1 Re4 35. Rf3 Qe8 36. Qc1 Nf8 37. Qd2 Nh7 38. Rf4 
Bg5 39. Rf3 a5 40. Qd3 Nf6 41. Qd2 Qe7 42. Qd3 Nfe8 43. Nxg3 hxg3 44. Rxg3
Nh5 45. Rf3 Nef6 46. g3 Qc7 47. Ng2 Qb6 48. g4 Nf4 49. Nxf4 Rxf4 50. Qe3 
Qc7 51. Qe6+ Qf7 52. Qc8+ Qe8 53. Qxe8+ Nxe8 54. Rxf4 Bxf4 55. h4 Nf6 56. 
g5 Ng4 57. f6 Be3 58. g6 Bh6 59. f7+ Kg7 60. h5 Kf6 0-1

[Event "KRO m"]
[Site "Hilversum"]
[Date "1987.??.??"]
[Round "5"]
[White "Timman, Jan H"]
[Black "Ljubojevic, Ljubomir"]
[Result "1-0"]
[WhiteElo "2630"]
[BlackElo "2625"]
[EventDate "1987.12.??"]

1. d4 Nf6 2. c4 e6 3. Nc3 d5 4. cxd5 exd5 5. Bg5 c6 6. e3 Nbd7 7. Bd3 Bd6 
8. Nf3 Nf8 9. Ne5 Qb6 10. O-O Qxb2 11. Rc1 Ng6 12. f4 O-O 13. Rc2 Qb6 14. 
Bxf6 gxf6 15. Ng4 Bxg4 16. Qxg4 Kh8 17. Rb1 Qc7 18. Nxd5 Qd8 19. Nc3 Bxf4 
20. Re2 Re8 21. Ne4 Bxe3+ 22. Rxe3 Qxd4 23. Re1 Ne5 24. Qf5 1-0

[Event "Lugano op"]
[Site "Lugano"]
[Date "1987.??.??"]
[Round "?"]
[White "Georgiev, Kiril"]
[Black "Van der Sterren, Paul"]
[Result "1/2-1/2"]
[WhiteElo "2590"]
[BlackElo "2520"]
[EventDate "1987.02.??"]

1. c4 e6 2. Nc3 d5 3. d4 Nf6 4. cxd5 exd5 5. Bg5 Be7 6. e3 c6 7. Bd3 O-O 
8. Qc2 Nbd7 9. Nge2 Re8 10. O-O Nf8 11. f3 Be6 12. Rae1 N6d7 13. Bf4 Rc8 
14. e4 dxe4 15. fxe4 c5 16. d5 c4 17. dxe6 Nxe6 18. Nd5 cxd3 19. Qxd3 Nxf4
20. Nexf4 Ne5 21. Qb3 Bc5+ 22. Kh1 b6 23. Qg3 Bd6 24. Nh5 Ng6 25. Qf2 Rf8 
26. Rd1 Kh8 27. Qf5 Be5 28. Ndf6 Qe7 29. Rd7 Qe6 30. Nd5 Nh4 31. Qxe6 fxe6
32. Rxf8+ Rxf8 33. Ne3 g6 34. Ng3 Rf2 35. Ngf1 Bxb2 36. Rxa7 Bd4 37. Ra8+ 
Kg7 38. Ra7+ Kg8 39. Ra8+ Kg7 40. Ra7+ Kf8 41. Rxh7 Rxa2 42. h3 g5 43. Rd7
e5 44. g3 Nf3 45. Ng4 Ra1 46. Kg2 Ne1+ 47. Kh1 Nd3 48. Kg2 Ra2+ 49. Kh1 
Ra1 50. Kg2 Ra2+ 51. Kh1 Nc5 52. Rd5 Nxe4 53. Nxe5 Nf2+ 54. Kg1 Nxh3+ 55. 
Kh1 Nf2+ 56. Kg1 Ng4+ 57. Rxd4 Nxe5 58. Rb4 Nd7 59. Ne3 Re2 60. Nd5 Re6 
61. Kf2 Kf7 62. Rb3 Rd6 63. Rb5 Rc6 64. Nxb6 1/2-1/2

[Event "Moscow-B"]
[Site "Moscow"]
[Date "1987.??.??"]
[Round "?"]
[White "Zaichik, Gennadi"]
[Black "Sveshnikov, Evgeny"]
[Result "1/2-1/2"]
[WhiteElo "2500"]
[BlackElo "2535"]
[EventDate "1987.06.??"]

1. d4 d5 2. c4 e6 3. Nc3 Nf6 4. Bg5 Nbd7 5. e3 c6 6. cxd5 exd5 7. Bd3 Be7 
8. Qc2 Nf8 9. Nf3 Ne6 10. Bh4 g6 11. O-O Ng7 12. Rab1 Bf5 13. b4 a6 14. a4
Bxd3 15. Qxd3 Nf5 16. Bxf6 Bxf6 17. b5 axb5 18. axb5 O-O 19. bxc6 bxc6 20.
 Rb3 Qd6 21. Rfb1 Rfb8 22. Rxb8+ Rxb8 23. Rxb8+ Qxb8 24. Qb1 Qxb1+ 25. 
Nxb1 1/2-1/2

[Event "New York op"]
[Site "New York"]
[Date "1987.??.??"]
[Round "?"]
[White "Fedorowicz, John P"]
[Black "Spassky, Boris V"]
[Result "1/2-1/2"]
[WhiteElo "2535"]
[BlackElo "2605"]
[EventDate "1987.04.??"]

1. d4 Nf6 2. c4 e6 3. Nc3 d5 4. cxd5 exd5 5. Bg5 Be7 6. e3 O-O 7. Bd3 Nbd7
8. Nge2 Re8 9. Qc2 Nf8 10. O-O c6 11. a3 Ng6 12. b4 a6 13. Na4 Bd6 14. Ng3
h6 15. Bxf6 Qxf6 16. Rae1 Nh4 17. f4 1/2-1/2

[Event "Reggio Emilia-A 8788 30th"]
[Site "Reggio Emilia"]
[Date "1987.??.??"]
[Round "?"]
[White "Portisch, Lajos"]
[Black "Andersson, Ulf"]
[Result "1-0"]
[WhiteElo "2615"]
[BlackElo "2600"]
[EventDate "1987.12.??"]

1. d4 Nf6 2. c4 e6 3. Nf3 d5 4. Nc3 Nbd7 5. cxd5 exd5 6. Bg5 c6 7. e3 Be7 
8. Qc2 Nh5 9. Bxe7 Qxe7 10. O-O-O g6 11. g4 Nhf6 12. Rg1 O-O 13. Bd3 Re8 
14. h3 b6 15. g5 Nh5 16. Kb1 Qd6 17. Qd2 Bb7 18. Rg4 Re6 19. Rh4 Rae8 20. 
Rxh5 gxh5 21. Ne2 Kh8 22. Nf4 Rg8 23. Nxe6 fxe6 24. h4 Rg7 25. Qe2 c5 26. 
Bb5 Bc6 27. Bxc6 Qxc6 28. Ne1 e5 29. Qxh5 Qe6 30. Nc2 Rf7 31. Rd2 Kg8 32. 
Qd1 exd4 33. exd4 cxd4 34. Re2 Qh3 35. Qxd4 Qf1+ 36. Re1 Qxf2 37. Qxd5 Nf8
38. a3 Qf5 39. Qb3 h6 40. gxh6 Kh7 41. Re5 Qf6 42. Ne3 Rd7 43. Qc2+ Kh8 
44. Rf5 Qe7 45. Nd5 Qe1+ 46. Ka2 Ne6 47. Qc6 Rd8 48. Rf6 Qe5 49. Rxe6 
Qxd5+ 50. Qxd5 Rxd5 51. Re8+ Kh7 52. Re7+ Kxh6 53. Rxa7 1-0

[Event "URS-ch FL55"]
[Site "Sverdlovsk"]
[Date "1987.??.??"]
[Round "?"]
[White "Dokhoian, Yury"]
[Black "Pigusov, Evgeny"]
[Result "1/2-1/2"]
[WhiteElo "2525"]
[BlackElo "2520"]
[EventDate "1987.11.??"]

1. d4 Nf6 2. c4 e6 3. Nc3 d5 4. cxd5 exd5 5. Bg5 c6 6. e3 Be7 7. Bd3 Nbd7 
8. Qc2 Nf8 9. Nf3 Ne6 10. Bh4 g6 11. O-O O-O 12. Rab1 Ng7 13. b4 a6 14. a4
Bf5 15. Bxf5 Nxf5 16. Bxf6 Bxf6 17. b5 Rc8 18. bxa6 bxa6 19. Ne2 Be7 20. 
Qb3 Bd6 21. Qb6 Ne7 22. Qxa6 Ra8 23. Qb7 Rb8 24. Qa6 Ra8 25. Qd3 Rxa4 26. 
Nc1 Qa8 27. Qe2 Rb8 28. Nd3 Rxb1 29. Rxb1 Ra1 30. Qd1 Rxb1 31. Qxb1 
1/2-1/2

[Event "URS-ch FL55"]
[Site "Sverdlovsk"]
[Date "1987.??.??"]
[Round "?"]
[White "Malaniuk, Vladimir P"]
[Black "Pigusov, Evgeny"]
[Result "1/2-1/2"]
[WhiteElo "2540"]
[BlackElo "2520"]
[EventDate "1987.11.??"]

1. d4 Nf6 2. c4 e6 3. Nc3 d5 4. cxd5 exd5 5. Bg5 Be7 6. e3 O-O 7. Qc2 Nbd7
8. Bd3 Re8 9. Nge2 Nf8 10. O-O c6 11. f3 Ng6 12. e4 dxe4 13. fxe4 Be6 14. 
h3 c5 15. Bxf6 Bxf6 16. e5 cxd4 17. exf6 dxc3 18. bxc3 gxf6 19. Nd4 Bd5 
20. Rf2 Rc8 21. Qd2 Re5 22. Bf5 Be6 23. Raf1 Bxf5 24. Rxf5 Rxf5 25. Rxf5 
Qd6 26. Rf3 1/2-1/2

[Event "URS-ch otbor"]
[Site "Pavlodar"]
[Date "1987.??.??"]
[Round "?"]
[White "Dokhoian, Yury"]
[Black "Pigusov, Evgeny"]
[Result "1/2-1/2"]
[WhiteElo "2525"]
[BlackElo "2520"]
[EventDate "1987.??.??"]

1. d4 Nf6 2. c4 e6 3. Nc3 d5 4. cxd5 exd5 5. Bg5 Be7 6. e3 O-O 7. Bd3 Nbd7
8. Qc2 c6 9. Nge2 Re8 10. O-O Nf8 11. f3 Ng6 12. e4 dxe4 13. fxe4 Be6 14. 
h3 c5 15. d5 Bd7 16. d6 Bxd6 17. Bxf6 gxf6 18. Rad1 Bc6 19. Bc4 Qe7 20. 
Nd5 Bxd5 21. Bxd5 Rad8 22. Rf3 Be5 23. Rdf1 Nh4 24. R3f2 Ng6 25. Rf3 Nh4 
26. R3f2 Ng6 27. Rf3 1/2-1/2

[Event "Calcutta"]
[Site "Calcutta"]
[Date "1988.??.??"]
[Round "?"]
[White "Psakhis, Lev"]
[Black "Kaidanov, Gregory S"]
[Result "1/2-1/2"]
[WhiteElo "2550"]
[BlackElo "2515"]
[EventDate "1988.04.??"]

1. d4 d5 2. c4 e6 3. Nc3 Nf6 4. cxd5 exd5 5. Bg5 Be7 6. e3 O-O 7. Bd3 Nbd7
8. Nf3 c6 9. O-O Re8 10. Qc2 Nf8 11. Ne5 Ng4 12. Bxe7 Qxe7 13. Nxg4 Bxg4 
14. Ne2 Rac8 15. Ng3 g6 16. a3 c5 17. dxc5 Rxc5 1/2-1/2

[Event "OHRA-B"]
[Site "Amsterdam"]
[Date "1988.??.??"]
[Round "?"]
[White "Lerner, Konstantin Z"]
[Black "Lobron, Eric"]
[Result "1/2-1/2"]
[WhiteElo "2530"]
[BlackElo "2530"]
[EventDate "1988.07.??"]

1. c4 e6 2. Nc3 d5 3. d4 Be7 4. cxd5 exd5 5. Bf4 c6 6. e3 Bd6 7. Bxd6 Qxd6
8. Bd3 Ne7 9. Qc2 Bg4 10. f3 Bh5 11. Nge2 Bg6 12. e4 dxe4 13. fxe4 Nd7 14.
 O-O-O O-O 15. g4 c5 16. h4 h5 17. e5 Qe6 18. Bxg6 fxg6 19. d5 Qxe5 20. d6
Nc6 21. Qxg6 Rae8 22. gxh5 Nd4 23. h6 Nxe2+ 24. Nxe2 Qe3+ 25. Rd2 Qxh6 26.
 Qxh6 gxh6 27. Nc3 Re6 28. Rh3 Kh7 29. Nb5 a6 30. Nc7 Rf1+ 31. Kc2 Ree1 
32. Kb3 Rd1 33. Rhh2 Rf3+ 34. Kc2 Rxd2+ 35. Rxd2 Rf6 36. Kc3 Kg6 37. Rd5 
Rf3+ 38. Kc2 Rf5 39. Rd2 Rf6 40. Nd5 Rf7 41. Re2 Rf8 42. Re7 Rd8 43. Nf4+ 
Kf6 44. Ne6 Rg8 45. Nc7 Rd8 46. Kc3 b5 47. Nxa6 Nb6 48. Rb7 Nd5+ 49. Kc2 
Ne3+ 50. Kb3 c4+ 51. Kb4 Rxd6 52. Kxb5 Rd2 53. Kc5 c3 54. bxc3 Rxa2 55. 
Rb6+ Ke5 56. Nb4 Ra5+ 57. Kc6 Ke4 58. Rb5 Rxb5 59. Kxb5 h5 60. c4 Nxc4 
1/2-1/2

[Event "OHRA-B"]
[Site "Amsterdam"]
[Date "1988.??.??"]
[Round "?"]
[White "Sokolov, Ivan"]
[Black "Lobron, Eric"]
[Result "1/2-1/2"]
[WhiteElo "2570"]
[BlackElo "2530"]
[EventDate "1988.07.??"]

1. c4 e6 2. Nf3 d5 3. d4 Nf6 4. Nc3 Be7 5. cxd5 exd5 6. Bf4 c6 7. e3 Bf5 
8. Ne5 Qb6 9. Bd3 Qxb2 10. O-O Be6 11. Ne2 Qa3 12. Qc2 Na6 13. Rfb1 Nb4 
14. Qd1 Nxd3 15. Nxd3 b6 16. Rb3 Qa6 17. Be5 O-O 18. Nef4 Bg4 19. f3 Bf5 
20. Bxf6 Bxf6 21. Nb4 Qb7 22. Rc1 Rac8 23. Rbc3 Bd7 24. Qc2 Bg5 25. Nxc6 
Rxc6 26. Rxc6 Bxf4 27. exf4 Bxc6 28. Qxc6 Qe7 29. Qc3 Re8 30. Qd2 g6 31. 
Kf2 Qh4+ 32. Kg1 Kg7 33. a4 Re6 34. h3 Rf6 35. a5 Qxf4 36. Qxf4 Rxf4 37. 
Rc7 Rxd4 38. Rxa7 bxa5 39. Rxa5 Rd2 40. Kh2 g5 41. Kg3 Kg6 42. h4 gxh4+ 
43. Kxh4 Kf5 44. Kg3 h5 45. Ra7 f6 46. Rh7 Kg6 47. Rd7 d4 48. Rd5 d3 49. 
Kh3 Rd1 50. g4 hxg4+ 51. Kxg4 d2 1/2-1/2

[Event "Riga"]
[Site "Riga"]
[Date "1988.??.??"]
[Round "?"]
[White "Vyzmanavin, Alexey"]
[Black "Pigusov, Evgeny"]
[Result "1/2-1/2"]
[WhiteElo "2565"]
[BlackElo "2530"]
[EventDate "1988.??.??"]

1. d4 Nf6 2. c4 e6 3. Nc3 d5 4. cxd5 exd5 5. Bg5 c6 6. Qc2 Be7 7. e3 Nbd7 
8. Bd3 O-O 9. Nf3 Re8 10. O-O Nf8 11. h3 a6 12. Rae1 h6 13. Bf4 Ne6 14. 
Bh2 c5 15. dxc5 Nxc5 16. Rd1 Nxd3 17. Qxd3 Qb6 18. Be5 Be6 19. Qb1 Rad8 
20. Bd4 Qa5 21. a3 b5 22. Ne5 Qc7 23. Nd3 Ne4 24. Nf4 Bd6 25. Nh5 Nxc3 26.
 Bxc3 Be5 27. Bd4 f6 28. Qg6 1/2-1/2

[Event "Saint John op-2"]
[Site "Saint John"]
[Date "1988.??.??"]
[Round "?"]
[White "Lputian, Smbat G"]
[Black "Nogueiras, Jesus"]
[Result "1-0"]
[WhiteElo "2555"]
[BlackElo "2560"]
[EventDate "1988.01.??"]

1. d4 e6 2. c4 Nf6 3. Nf3 d5 4. Nc3 c6 5. Bg5 Nbd7 6. cxd5 exd5 7. e3 Be7 
8. Bd3 O-O 9. h3 Re8 10. O-O Ne4 11. Bf4 Ndf6 12. Ne5 Nd6 13. Qc2 g6 14. 
g4 Kg7 15. Bg3 Ng8 16. f4 f6 17. Nf3 Bf8 18. Rae1 f5 19. Bh4 Be7 20. Bxe7 
Qxe7 21. g5 Be6 22. b4 Rec8 23. Qb2 Rc7 24. Rf2 Kf8 25. a4 Rac8 26. a5 a6 
27. Rg2 Qg7 28. Na4 h5 29. gxh6 Qxh6 30. Nc5 Bf7 31. Rg3 Nf6 32. Ne5 Ke7 
33. Re2 Nfe4 34. Bxe4 fxe4 35. Qa3 Nb5 36. Qa1 Nd6 37. Qc3 Nb5 38. Qc1 Kd6
39. Rg5 Rh8 40. Rh2 Be8 41. h4 Rf8 42. Ng4 1-0

[Event "Sochi"]
[Site "Sochi"]
[Date "1988.??.??"]
[Round "?"]
[White "Drasko, Milan"]
[Black "Smagin, Sergey"]
[Result "1/2-1/2"]
[WhiteElo "2510"]
[BlackElo "2550"]
[EventDate "1988.09.??"]

1. d4 Nf6 2. Nf3 e6 3. c4 d5 4. Nc3 c6 5. cxd5 exd5 6. Bg5 Be7 7. Qc2 Nbd7
8. e3 O-O 9. Bd3 Re8 10. O-O Nf8 11. h3 1/2-1/2

[Event "Thaelmann mem"]
[Site "Berlin East"]
[Date "1988.??.??"]
[Round "7"]
[White "Knaak, Rainer"]
[Black "Balashov, Yuri S"]
[Result "1/2-1/2"]
[WhiteElo "2525"]
[BlackElo "2540"]
[EventDate "1988.04.05"]

1. d4 Nf6 2. c4 e6 3. Nc3 d5 4. cxd5 exd5 5. Bg5 Be7 6. e3 O-O 7. Bd3 Nbd7
8. Nf3 c6 9. Qc2 Re8 10. O-O Nf8 11. Rab1 Ng6 12. b4 a6 13. a4 Bd6 14. 
Rfe1 Bg4 15. Nh4 Bh5 16. Nxg6 Bxg6 17. Bh4 Be7 18. Bxf6 Bxf6 19. Bxg6 hxg6
20. b5 Rc8 21. bxa6 bxa6 22. Ne2 Be7 23. Red1 c5 24. dxc5 Rxc5 25. Qb3 Qa5
26. Rd4 Bf6 27. Rb4 Rec8 28. g3 Be5 29. Nd4 Rc4 30. Nf3 Bf6 31. Kg2 g5 32.
 h3 g6 33. Rb8 Kg7 34. Rxc8 Rxc8 35. Qb7 Rc7 36. Qb8 Rd7 37. Qc8 Qxa4 38. 
Rb6 Rd8 39. Qc7 Qd7 40. Qxd7 Rxd7 1/2-1/2

[Event "Thessaloniki ol (Men)"]
[Site "Thessaloniki"]
[Date "1988.11.19"]
[Round "6"]
[White "Garcia Gonzales, Guillermo"]
[Black "Boensch, Uwe"]
[Result "1/2-1/2"]
[WhiteElo "2535"]
[BlackElo "2510"]
[EventDate "1988.11.??"]

1. d4 Nf6 2. c4 e6 3. Nf3 d5 4. Nc3 Be7 5. cxd5 exd5 6. Bg5 O-O 7. e3 Nbd7
8. Qc2 c6 9. Bd3 Re8 10. O-O Nf8 11. h3 Ne4 12. Bf4 Nxc3 13. bxc3 Be6 14. 
c4 Bd6 15. Bxd6 Qxd6 16. Rab1 Re7 17. Ng5 g6 18. Rfc1 Rd8 19. Qc3 Bc8 20. 
cxd5 Qxd5 21. Qc5 Qxc5 22. Rxc5 Ne6 23. Re5 Rd5 24. Rxd5 cxd5 25. Nxe6 
Bxe6 26. Rc1 Kf8 1/2-1/2

[Event "Thessaloniki ol (Men)"]
[Site "Thessaloniki"]
[Date "1988.11.19"]
[Round "6"]
[White "Georgiev, Kiril"]
[Black "Adianto, Utut"]
[Result "1-0"]
[WhiteElo "2515"]
[BlackElo "2525"]
[EventDate "1988.11.??"]

1. d4 Nf6 2. c4 e6 3. Nc3 d5 4. cxd5 exd5 5. Bg5 Be7 6. e3 Nbd7 7. Bd3 Nf8
8. Nf3 Ne6 9. Bh4 O-O 10. O-O c6 11. Rb1 a5 12. a3 g6 13. b4 axb4 14. axb4
Ng7 15. b5 Nf5 16. bxc6 bxc6 17. Bxf6 Bxf6 18. Na4 Ba6 19. Nc5 Bxd3 20. 
Qxd3 Nd6 21. Rfc1 Ra7 22. g3 Re8 23. Nd2 Qc8 24. Kg2 h5 25. h3 Nf5 26. Ra1
Rae7 27. Nf1 Bg5 28. Qa6 Qc7 29. Nd3 Re6 30. Ne5 c5 31. Qb5 Rxe5 32. Rxc5 
Nd6 33. Qxe8+ 1-0

[Event "Thessaloniki ol (Men)"]
[Site "Thessaloniki"]
[Date "1988.11.20"]
[Round "7"]
[White "Gulko, Boris F"]
[Black "Boensch, Uwe"]
[Result "1-0"]
[WhiteElo "2590"]
[BlackElo "2510"]
[EventDate "1988.11.??"]

1. d4 Nf6 2. c4 e6 3. Nc3 d5 4. cxd5 exd5 5. Bg5 Be7 6. e3 O-O 7. Bd3 Nbd7
8. Nge2 Re8 9. Qc2 c6 10. O-O Nf8 11. a3 Bd6 12. Kh1 Ng6 13. f3 Be7 14. e4
dxe4 15. fxe4 Ng4 16. Bxe7 Qxe7 17. Bc4 Be6 18. Bxe6 fxe6 19. Qb3 Qh4 20. 
h3 Nf2+ 21. Kg1 Nxh3+ 22. gxh3 Qxh3 23. Rf2 Nh4 24. Raf1 Qg4+ 25. Kh2 Qh5 
26. Ng3 Qh6 27. Qxb7 Nf5+ 28. Kg1 Rab8 29. Qc7 Rbc8 30. Nxf5 exf5 31. Qf4 
Qxf4 32. Rxf4 fxe4 33. Rxe4 Rxe4 34. Nxe4 Rd8 35. Rf4 h6 36. Nc5 Rd6 37. 
Kf2 g5 38. Re4 Kf7 39. Ke3 h5 40. Re5 Rg6 41. Ne4 1-0

[Event "Thessaloniki ol (Men)"]
[Site "Thessaloniki"]
[Date "1988.11.27"]
[Round "13"]
[White "Gulko, Boris F"]
[Black "Ljubojevic, Ljubomir"]
[Result "1/2-1/2"]
[WhiteElo "2590"]
[BlackElo "2605"]
[EventDate "1988.11.??"]

1. d4 Nf6 2. c4 e6 3. Nc3 d5 4. cxd5 exd5 5. Bg5 c6 6. Qc2 Na6 7. e3 Nc7 
8. Bd3 Ne6 9. Bh4 g6 10. Nf3 Be7 11. O-O O-O 12. Rab1 Nh5 13. Bxe7 Qxe7 
14. b4 Rd8 15. Na4 a6 16. Nc5 Nhg7 17. Rfc1 Ng5 18. Nd2 Nf5 19. a4 Nh4 20.
 Kh1 Re8 21. Rf1 1/2-1/2

[Event "URS-ch FL56"]
[Site "Simferopol"]
[Date "1988.??.??"]
[Round "?"]
[White "Lerner, Konstantin Z"]
[Black "Kharitonov, Andrei Y"]
[Result "1/2-1/2"]
[WhiteElo "2530"]
[BlackElo "2550"]
[EventDate "1988.11.??"]

1. d4 Nf6 2. c4 e6 3. Nf3 d5 4. Nc3 Be7 5. cxd5 exd5 6. Bg5 c6 7. Qc2 Na6 
8. e3 Nb4 9. Qd1 Bf5 10. Rc1 Qa5 11. Qd2 Nxa2 12. Bxf6 Nxc1 13. Bxe7 Qa1 
14. Ba3 Nd3+ 15. Ke2 Nc1+ 16. Ke1 Nd3+ 1/2-1/2

[Event "Yerevan Petrosian mem"]
[Site "Yerevan"]
[Date "1988.05.12"]
[Round "5"]
[White "Lputian, Smbat G"]
[Black "Smagin, Sergey"]
[Result "1-0"]
[WhiteElo "2555"]
[BlackElo "2540"]
[EventDate "1988.05.??"]

1. d4 Nf6 2. c4 e6 3. Nf3 d5 4. Nc3 c6 5. Bg5 Nbd7 6. cxd5 exd5 7. e3 Be7 
8. Bd3 O-O 9. h3 Re8 10. O-O Nf8 11. Bxf6 Bxf6 12. b4 a6 13. a4 a5 14. b5 
c5 15. Rc1 cxd4 16. Nxd4 Bxd4 17. exd4 Be6 18. f4 f6 19. Ne2 Bf7 20. Qd2 
Nd7 21. Qc2 h6 22. Ng3 Nb6 23. Qd1 Nc4 24. Nf5 Ne3 25. Nxe3 Rxe3 26. Qd2 
Qe7 27. b6 Re8 28. Bb5 Rb8 29. Qxa5 Qe4 30. Qd2 Rb3 31. Rfe1 Qg6 32. Re3 
Rxe3 33. Qxe3 Qe4 34. Qd2 Qe6 35. a5 Bg6 36. Rc7 Be4 37. Bd7 Qd6 38. Bc8 
Qxc7 39. bxc7 Rxc8 40. Qc3 Kf7 41. g4 Ke7 42. Qb4+ Kd7 43. Qxb7 1-0

[Event "Debrecen"]
[Site "Debrecen"]
[Date "1989.??.??"]
[Round "?"]
[White "Mohr, Stefan"]
[Black "Kotronias, Vasilios"]
[Result "1-0"]
[WhiteElo "2530"]
[BlackElo "2505"]
[EventDate "1989.06.??"]

1. d4 d5 2. c4 e6 3. Nc3 Be7 4. cxd5 exd5 5. Bf4 Nf6 6. e3 Bf5 7. Nge2 O-O
8. Rc1 c6 9. h3 Nbd7 10. g4 Be4 11. Rg1 Bf3 12. Rg3 Bxe2 13. Bxe2 Ne4 14. 
Rg2 Bg5 15. Bh2 Nb6 16. Kf1 Re8 17. Bd3 Re6 18. f4 Nxc3 19. Rxc3 Be7 20. 
Bf5 Rf6 21. Bb1 Bd6 22. g5 Re6 23. Qf3 g6 24. h4 Re7 25. h5 Qc7 26. Kg1 
Rae8 27. b3 c5 28. f5 Bxh2+ 29. Rxh2 Qd7 30. hxg6 cxd4 31. g7 Qd6 32. f6 
Re4 1-0

[Event "EU-Cup Novosibirsk"]
[Site "Novosibirsk"]
[Date "1989.??.??"]
[Round "?"]
[White "Vaisser, Anatoli"]
[Black "Kharitonov, Andrei Y"]
[Result "1-0"]
[WhiteElo "2525"]
[BlackElo "2520"]
[EventDate "1989.??.??"]

1. d4 d5 2. c4 e6 3. Nc3 Be7 4. cxd5 exd5 5. Bf4 c6 6. e3 Bd6 7. Bxd6 Qxd6
8. Bd3 Ne7 9. Qc2 Nd7 10. Nge2 Nf6 11. f3 O-O 12. O-O Bd7 13. e4 dxe4 14. 
Nxe4 Nxe4 15. fxe4 Rad8 16. h3 Ng6 17. Rad1 Be6 18. a3 Qe7 19. b4 Rd7 20. 
Qc3 Rfd8 21. a4 f6 22. Bc2 Bf7 23. Rd2 Qe6 24. e5 Qc4 25. Qxc4 Bxc4 26. 
exf6 gxf6 27. Rxf6 Kg7 28. Rf3 Bxe2 29. Rxe2 Rxd4 30. Bxg6 Kxg6 31. Re6+ 
Kg5 32. Ref6 R4d5 33. Kh2 R8d6 34. Rf7 Rd7 35. Rg3+ Kh5 36. Rgg7 Rxf7 37. 
Rxf7 Kg6 38. Rxb7 a5 39. bxa5 Rxa5 40. Rb4 c5 41. Rg4+ Kf6 42. Kg3 Ke5 43.
 Kf3 Ra7 44. Ke3 Kd5 45. Kd3 Rb7 46. Kc3 Re7 47. Rg5+ Kc6 48. Rh5 Re3+ 49.
 Kc4 Re4+ 50. Kd3 Rxa4 51. Rxh7 Ra3+ 52. Ke2 Kd5 53. Rg7 c4 54. h4 Ra2+ 
55. Ke3 Ra3+ 56. Ke2 Ra2+ 57. Ke3 Ra3+ 58. Kd2 Kd4 59. Rg4+ Kc5 60. h5 Kb4
61. h6 Ra2+ 62. Ke3 1-0

[Event "EU-chT (Men)"]
[Site "Haifa"]
[Date "1989.??.??"]
[Round "5"]
[White "Greenfeld, Alon"]
[Black "Schussler, Harry"]
[Result "1/2-1/2"]
[WhiteElo "2535"]
[BlackElo "2540"]
[EventDate "1989.11.??"]

1. d4 Nf6 2. c4 e6 3. Nc3 d5 4. cxd5 exd5 5. Bg5 c6 6. e3 Be7 7. Qc2 Nbd7 
8. Bd3 O-O 9. Nf3 Re8 10. O-O Nf8 11. Rab1 Be6 12. b4 Rc8 13. Rfc1 N6d7 
14. Bf4 Bg4 15. Nd2 Nb6 16. h3 Bh5 17. Na4 Nxa4 18. Qxa4 Bg6 19. Bxg6 Nxg6
20. Bg3 a6 21. Qa5 Qd7 22. Nb3 Bd8 23. Qa4 Bc7 24. Nc5 Qe7 25. Bxc7 Rxc7 
26. Qd1 Nh4 27. a4 g6 28. b5 axb5 29. axb5 h5 30. Kh1 Ra8 31. bxc6 bxc6 
32. Ra1 Rca7 1/2-1/2

[Event "EU-chT (Men)"]
[Site "Haifa"]
[Date "1989.??.??"]
[Round "5"]
[White "Hort, Vlastimil"]
[Black "Beliavsky, Alexander G"]
[Result "1/2-1/2"]
[WhiteElo "2570"]
[BlackElo "2620"]
[EventDate "1989.11.??"]

1. d4 d5 2. c4 e6 3. Nc3 Nf6 4. cxd5 exd5 5. Bg5 Be7 6. e3 O-O 7. Bd3 Re8 
8. Nf3 c6 9. Qc2 Nbd7 10. h3 Nf8 11. O-O-O Be6 12. g4 Rc8 13. Kb1 c5 14. 
dxc5 Rxc5 15. Nd4 Qb6 16. Qb3 Qxb3 17. Nxb3 Rcc8 18. Nb5 a6 19. Bxf6 gxf6 
20. Nc3 Bb4 21. Ne2 Ng6 22. Nbd4 Bc5 23. Bc2 Bd6 24. Nf5 Bxf5 25. Bxf5 Rc5
26. Bxg6 hxg6 27. Nc3 Be5 28. Rxd5 Rc4 29. Ne2 Kg7 30. b3 Rb4 31. Nc1 Rh8 
32. f3 Rb6 33. h4 Bg3 34. h5 f5 35. Nd3 fxg4 36. Rg1 Rd6 37. Rxd6 Bxd6 38.
 hxg6 gxf3 39. gxf7+ Kf8 40. Rf1 Rh3 41. Nf2 Rh4 42. Kc2 Kxf7 43. Kd3 Ke7 
44. Ne4 Rh2 45. a4 Rb2 46. Kc3 Be5+ 47. Kc4 b5+ 48. axb5 axb5+ 49. Kb4 f2 
50. Rxf2 Bd6+ 51. Kc3 1/2-1/2

[Event "Haninge"]
[Site "Haninge"]
[Date "1989.??.??"]
[Round "?"]
[White "Sokolov, Ivan"]
[Black "Andersson, Ulf"]
[Result "1/2-1/2"]
[WhiteElo "2580"]
[BlackElo "2620"]
[EventDate "1989.05.??"]

1. d4 Nf6 2. c4 e6 3. Nc3 d5 4. cxd5 exd5 5. Bg5 c6 6. e3 Be7 7. Bd3 Nbd7 
8. Qc2 Nh5 9. Bxe7 Qxe7 10. O-O-O Nb6 11. h3 g6 12. Nf3 Ng7 13. g4 Bd7 14.
 Ne5 O-O-O 15. Na4 Nxa4 16. Qxa4 Kb8 17. Kb1 Be8 18. h4 1/2-1/2

[Event "Kotov mem"]
[Site "Odessa"]
[Date "1989.??.??"]
[Round "?"]
[White "Moskalenko, Viktor"]
[Black "Smagin, Sergey"]
[Result "1/2-1/2"]
[WhiteElo "2500"]
[BlackElo "2535"]
[EventDate "1989.10.??"]

1. d4 d5 2. c4 c6 3. Nf3 Nf6 4. Nc3 e6 5. Bg5 Nbd7 6. cxd5 exd5 7. e3 Be7 
8. Qc2 Nf8 9. Bd3 Ne6 10. Bh4 g6 11. h3 Ng7 12. g4 Be6 13. O-O-O Nd7 14. 
Bg3 Qa5 15. Kb1 b5 16. Ne5 Nxe5 17. Bxe5 f6 18. Bf4 O-O 19. Bh6 Rfc8 20. 
f4 c5 21. f5 c4 22. fxe6 cxd3 23. Qb3 Rxc3 24. Qxc3 Qxc3 25. bxc3 Nxe6 26.
 Bf4 Rf8 27. Rhf1 f5 28. Bh6 Rf6 29. gxf5 gxf5 30. Bf4 Rg6 31. Rg1 Kf7 32.
 Rxg6 hxg6 33. Kc1 g5 34. Bb8 a6 35. Kd2 Nf8 36. Kxd3 Nd7 37. Bg3 Nf6 38. 
a4 bxa4 39. c4 Ne4 40. Be1 dxc4+ 41. Kxc4 Ke6 42. Rb1 Nd6+ 43. Kd3 Nb5 44.
 Bd2 a3 45. Rc1 Kd7 46. Rc4 g4 47. hxg4 fxg4 48. Ra4 Nc7 49. Be1 Kc6 50. 
Rc4+ Kb6 51. e4 Nb5 52. e5 a5 53. Ra4 Bb4 54. Bxb4 axb4 55. Rxb4 g3 56. 
Rb1 g2 57. Rg1 a2 58. Ke4 Kc7 59. d5 Kd7 60. e6+ Ke7 61. Re1 Nd6+ 62. Ke5 
Ne8 1/2-1/2

[Event "Marseille"]
[Site "Marseille"]
[Date "1989.??.??"]
[Round "?"]
[White "Spraggett, Kevin"]
[Black "Lobron, Eric"]
[Result "1-0"]
[WhiteElo "2575"]
[BlackElo "2555"]
[EventDate "1989.07.??"]

1. c4 e6 2. Nc3 d5 3. d4 Nf6 4. cxd5 exd5 5. Bg5 Be7 6. e3 c6 7. Bd3 Nbd7 
8. Qc2 O-O 9. Nf3 Re8 10. h3 Nf8 11. O-O Be6 12. Rfc1 Rc8 13. a3 N6d7 14. 
Bf4 Nb6 15. Na4 Nxa4 16. Qxa4 Qb6 17. b4 a6 18. Rcb1 Ra8 19. Qc2 Rec8 20. 
Nd2 Qd8 21. Nb3 Bd6 22. Bxd6 Qxd6 23. a4 Rc7 24. Qd2 Ng6 25. Nc5 Nh4 26. 
Nxe6 fxe6 27. Qd1 g6 28. b5 axb5 29. axb5 Rf8 30. Qg4 Nf5 31. bxc6 bxc6 
32. Ra6 Rcf7 33. Rbb6 Ne7 34. f4 Rc8 35. Rb7 Nf5 36. Rxf7 Kxf7 37. Qe2 Ne7
38. Qe1 Kg7 39. Qa5 Rc7 40. Ra8 Nf5 41. Kf2 Qe7 42. Bxf5 exf5 43. Re8 Qxe8
44. Qxc7+ Kg8 45. g4 h6 46. Qd6 Kh7 47. Qf6 Qd7 48. gxf5 gxf5 49. Kf3 h5 
50. Kf2 Qc8 51. Qe7+ Kg6 52. Qg5+ Kf7 53. Qxh5+ Kg7 54. Qg5+ Kh7 55. Qe7+ 
Kg6 56. h4 Kh6 57. Qf6+ Kh7 58. h5 Qd7 59. h6 Qb7 60. Kg3 Qd7 61. Kh4 1-0

[Event "Marseille"]
[Site "Marseille"]
[Date "1989.??.??"]
[Round "?"]
[White "Dorfman, Josif D"]
[Black "Lobron, Eric"]
[Result "1/2-1/2"]
[WhiteElo "2565"]
[BlackElo "2555"]
[EventDate "1989.07.??"]

1. c4 e6 2. Nc3 d5 3. d4 Nf6 4. cxd5 exd5 5. Bg5 c6 6. e3 Be7 7. Bd3 Nbd7 
8. Qc2 O-O 9. Nge2 Re8 10. O-O Nf8 11. Rab1 Bg4 12. Rfe1 a5 13. a3 Bxe2 
14. Rxe2 Ng4 15. Bxe7 Qxe7 16. h3 Nf6 17. Na4 N8d7 18. Bf5 g6 19. Kf1 
1/2-1/2